SCH - Autobahn - Statistiques

Statistiques générales
  • Ce quiz a été pris 12 fois
  • Le résultat moyen est 10 sur 18
Statistiques - réponses
Numero Titre % Correct
6 Autobahn
100%
10 Lilou Dallas
83%
3 Niobe
83%
7 Vivienne Westwood
83%
13 Blanc Bleu
67%
2 LIF
67%
1 Magnum
67%
4 Marginaux
67%
11 83K
50%
14 Actes
50%
9 Blue Bahamas
50%
12 Coeur de môme
50%
18 Dernière Ligne Droite
50%
8 Transmission Automatique
50%
15 Comme Avant
33%
16 Madre Mia
33%
5 Offshore
33%
17 King
17%
Aucun quiz correspondant
Distribution des résultats
% des personnes avec chaque résultat
Percentile par nombre de réponses
Votre historique - résultats
Vous n’avez pas pris ce quiz